National Party Conventions 1831-1980 (Record no. 1780)
[ view plain ]
| 000 -LEADER | |
|---|---|
| fixed length control field | 00328nam a22001217a 4500 |
| 008 - FIXED-LENGTH DATA ELEMENTS--GENERAL INFORMATION | |
| fixed length control field | 230620b xxu||||| |||| 00| 0 eng d |
| 020 ## - INTERNATIONAL STANDARD BOOK NUMBER | |
| International Standard Book Number | 0871872757 |
| 082 ## - DEWEY DECIMAL CLASSIFICATION NUMBER | |
| Classification number | 324.56 |
| Item number | RUS |
| 100 ## - MAIN ENTRY--PERSONAL NAME | |
| Titles and words associated with a name | Congressional Quarterly |
| 245 ## - TITLE STATEMENT | |
| Title | National Party Conventions 1831-1980 |
| Remainder of title | Congressional Quarterly Inc |
| 300 ## - PHYSICAL DESCRIPTION | |
| Extent | 245p |
| 942 ## - ADDED ENTRY ELEMENTS (KOHA) | |
| Source of classification or shelving scheme | Dewey Decimal Classification |
| Koha item type | Books |
| Withdrawn status | Lost status | Source of classification or shelving scheme | Damaged status | Not for loan | Home library | Current library | Date acquired | Total Checkouts | Full call number | Barcode | Date last seen | Price effective from | Koha item type |
|---|---|---|---|---|---|---|---|---|---|---|---|---|---|
| Dewey Decimal Classification | Bunge Tower Library | Bunge Tower Library | 06/20/2023 | 324.56 RUS | 10000776 | 06/20/2023 | 06/20/2023 | Books |
